Statistics for Source of Most Foreign Players in Selected Football Leagues #3

Click here to take the quiz!

General Stats

  • This quiz has been taken 59 times
  • The average score is 15 of 24

Answer Stats

Answer% Correct
Germany
100%
Spain
92%
Belgium
91%
France
91%
Russia
91%
Argentina
87%
Brazil
87%
Slovakia
79%
Morocco
74%
Poland
74%
Croatia
66%
Serbia
66%
Sweden
66%
Ukraine
64%
Norway
60%
Nigeria
57%
Tunisia
53%
Bosnia and Herzegovina
45%
Ghana
45%
Cote d'Ivoire
32%
Tajikistan
30%
Montenegro
25%
Georgia
17%
Palestine
6%

Score Distribution

Percentile by Number Answered

Percent of People with Each Score

Your Score History

You have not taken this quiz